000
00280nam a2200109Ia 4500
008
200302s9999 xx 000 0 und d
100
_a
Francesc Zamora Mola
245
_a
Eduardo Souto De Moura Architect
260
_b
Azur and Loft Publications
260
_c
2009
300
_a
399 P.,
999
_c
2732
_d
2732